Statystyki dla Czyjego polskiego rapera jest to piosenka?

Kliknij tutaj aby rozwiązać quiz!

Ogólne statystyki

  • Ten quiz został rozwiązany 1 001 razy
  • Średni wynik to 12 z 23

Statystyki odpowiedzi

PiosenkaRaper% Poprawnych
Język CiałaTymek
95%
ChillwagonChillwagon
90%
HinataSzpaku
90%
KsiężniczkiŻabson
89%
MówiłaśYoung Igi
82%
Dziecko WojnySarius
72%
Patrzcie idzie frajer!Białas
71%
Mleko i miódTaconafide
65%
TrójkątTaco Hemingway
64%
CichociemniKizo
62%
Powszechny i śmiertelnyQuebonafide
51%
TuszSmolasty
49%
AlkoblantReTo
48%
MówOtsochodzi
47%
Zaczekaj przed drzwiamiJan-rapowanie
45%
No make upFilipek
44%
Czego?!Beteo
38%
rosegoldZeamsone
35%
Jeszcze PolskaSolar
33%
Ona i jaO.S.T.R & Hades
26%
SamYoung Multi
14%
Nowy KlasykGruby Mielzky
4%
Tworzymy historięJWP
3%

Rozkład punktacji

Percentyl według liczby udzielonych odpowiedzi

Procent ludzi z każdym wynikiem

Twoja historia wyników

Nie rozwiązałeś tego quizu